Secretarios de segunda categoría de administración local (Record no. 141334)

MARC details
000 -LEADER
campo de control de longitud fija 01033nam a2200253 i 4500
001 - NÚMERO DE CONTROL
campo de control 141334
003 - IDENTIFICADOR DE NÚMERO DE CONTROL
campo de control ES-MaACL
005 - FECHA Y HORA DE LA ÚLTIMA TRANSACCIÓN
campo de control 20230906200255.0
007 - CAMPO FIJO DE DESCRIPCIÓN FÍSICA--INFORMACIÓN GENERAL
campo de control de longitud fija t|
008 - DATOS DE LONGITUD FIJA--INFORMACIÓN GENERAL
campo de control de longitud fija 070921s1962 sp ||||1| spa d
080 ## - NÚMERO DE LA CLASIFICACIÓN DECIMAL UNIVERSAL
Número de la Clasificación Decimal Universal 34(46)(078)
080 ## - NÚMERO DE LA CLASIFICACIÓN DECIMAL UNIVERSAL
Número de la Clasificación Decimal Universal 336(46)(078)
100 1# - ENTRADA PRINCIPAL--NOMBRE DE PERSONA
Nombre de persona Villar y Romero, José María.
9 (RLIN) 115107
245 10 - MENCIÓN DEL TÍTULO
Título Secretarios de segunda categoría de administración local
Resto del título : respuestas a los 119 temas del programa publicado en el Boletín Oficial del Estado del día 14 de Octubre de 1961 /
Mención de responsabilidad, etc. por José María Villar y Romero..., José Nicolás Carmona..., Carmelo Martínez Peñalver.
260 ## - PUBLICACIÓN, DISTRIBUCIÓN, ETC.
Lugar de publicación, distribución, etc. Madrid :
Nombre del editor, distribuidor, etc. Instituto Edit. Reus,
Fecha de publicación, distribución, etc. 1962.
300 ## - DESCRIPCIÓN FÍSICA
Extensión 256 p. ;
Dimensiones 24 cm.
490 1# - MENCIÓN DE SERIE
Mención de serie Contestaciones Reus
650 14 - PUNTO DE ACCESO ADICIONAL DE MATERIA--TÉRMINO DE MATERIA
Término de materia o nombre geográfico como elemento de entrada Administración local-
Subdivisión geográfica España-
Subdivisión de forma Contestaciones para oposiciones.
9 (RLIN) 9634
700 1# - ENTRADA AGREGADA--NOMBRE PERSONAL
Nombre de persona Carmona, José Nicolás.
9 (RLIN) 35342
700 1# - ENTRADA AGREGADA--NOMBRE PERSONAL
Nombre de persona Martínez Peñalver, Carmelo.
9 (RLIN) 78321
830 0# - PUNTO DE ACCESO ADICIONAL DE SERIE-TÍTULO UNIFORME
Título uniforme Contestaciones Reus
9 (RLIN) 181923
852 ## - LOCALIZACIÓN
Ubicación ES-MaACL
Número de control de estantería C-22531
Sublocalización o colección R.50393
Holdings
Estatus retirado Estado de pérdida Estado de daño No para préstamo Biblioteca de origen Biblioteca actual Ubicación en estantería Fecha de adquisición Fuente de adquisición Total de préstamos Signatura topográfica completa Código de barras Visto por última vez Precio de reemplazo Tipo de ítem Koha
        Biblioteca del Ateneo de Madrid Biblioteca del Ateneo de Madrid Galería 17/01/2008     C-22531 1147060 23/02/2023 23/02/2023 Libro impreso